Statistiques concernant Gares de la ligne du Blanc-Argent

Cliquez ici pour prendre le quiz!

Statistiques générales

  • Ce quiz a été pris 9 fois
  • Le résultat moyen est 7 sur 14

Statistiques - réponses

Fréquentation annuelle (2019)Réponse% Correct
210 000Salbris
100%
17 400Valençay
89%
95Base Aérienne
67%
5 900Pruniers
56%
24 500Chabris
44%
121 400Faubourg d'Orléans
44%
56 100Gièvres
44%
8 500Villeherviers
44%
13 000La Ferté-Imbault
33%
309Les Quatre Roues
33%
4 200Loreux
33%
119 800Romorantin-Blanc-Argent
33%
19 600Selles-Saint-Denis
33%
3 900Varennes-sur-Fouzon
33%

Distribution des résultats

Percentile par nombre de réponses

% des personnes avec chaque résultat

Votre développement - résultats

Vous n’avez pas pris ce quiz